=LDR 00000nam 2200000 4500 =001 INLIS000000000014783 =005 20130612110048 =008 ***********************************Ind** =035 ##$$0010-061300000014783 =041 ##$$a Ind =082 ##$$a 658.403 =090 ##$$a 658.403, Tja h =100 ##$$a Tjandradiredja, M. Hana =245 ##$$a Hubungan karakteristik individu, keuangan dan bisnis dengan sikap terhadap resiko para manajer bisnis, M. Hana Tjandradiredja =260 ##$$a 1996 $b Jakarta =300 ##$$a xix, 165 hlm, Il, 21 cm =650 ##$$a Keputusan =850 ##$$a NBPNMAT